[Event "9th Amplico Life Rapid"]
[Site "Warsaw POL"]
[Date "2009.12.19"]
[Round "8"]
[White "Gajewski,G"]
[Black "Daulyte,D"]
[Result "1-0"]
[WhiteElo "2561"]
[BlackElo "2307"]
[EventDate "2009.12.19"]

1. d4 Nf6 2. c4 g6 3. Nc3 Bg7 4. g3 d5 5. cxd5 Nxd5 6. Bg2 Nb6 7. Nf3 O-O
8. O-O Nc6 9. e3 e5 10. d5 Na5 11. e4 c6 12. Be3 cxd5 13. exd5 Nac4 14. Bc5
Re8 15. b3 e4 16. bxc4 Bxc3 17. Nd2 Bxa1 18. Qxa1 f5 19. Bd4 Qc7 20. Rc1
Bd7 21. d6 Qxd6 22. c5 Qe6 23. cxb6 axb6 24. Bf1 b5 25. Nb3 Qf7 26. Rc7 Re7
27. Bc5 Ree8 28. Bxb5 Red8 29. Bb6 Qxb3 30. Bc4+ Qxc4 31. Rxc4 Be6 32. Rc7
1-0

[Event "9th Amplico Life Rapid"]
[Site "Warsaw POL"]
[Date "2009.12.19"]
[Round "8"]
[White "Davydiuk,S"]
[Black "Vysochin,S"]
[Result "0-1"]
[WhiteElo "2300"]
[BlackElo "2555"]
[EventDate "2009.12.19"]

1. e4 e6 2. d4 d5 3. Nc3 Nf6 4. Bg5 dxe4 5. Nxe4 Nbd7 6. Nf3 h6 7. Bh4 c5
8. Nxf6+ Nxf6 9. Bb5+ Bd7 10. Bxd7+ Qxd7 11. dxc5 Bxc5 12. Qxd7+ Kxd7 13.
Ne5+ Ke7 14. Nd3 Bb6 15. f3 Rhd8 16. O-O-O Rd5 17. Nb4 Rb5 18. c3 Rc8 19.
Nc2 g5 20. Bg3 Rd5 21. Nb4 Rxd1+ 22. Rxd1 Bc5 23. Nd3 Be3+ 24. Kc2 Nd5 25.
Re1 f5 26. Bf2 f4 27. Re2 Kf6 28. Kb3 Bxf2 29. Nxf2 Rc6 30. Ng4+ Kg7 31.
Rd2 h5 32. Ne5 Rb6+ 33. Ka3 Ra6+ 34. Kb3 Kf6 35. Nc4 b5 0-1

[Event "9th Amplico Life Rapid"]
[Site "Warsaw POL"]
[Date "2009.12.19"]
[Round "8"]
[White "Grafl,F"]
[Black "Rudnicki,M"]
[Result "1-0"]
[WhiteElo "2428"]
[BlackElo "2221"]
[EventDate "2009.12.19"]

1. f4 d5 2. Nf3 c5 3. g3 Nc6 4. Bg2 Nf6 5. O-O e6 6. d3 Be7 7. c3 O-O 8.
Qe1 b6 9. Na3 Ba6 10. Nc2 Qc7 11. Bd2 c4 12. d4 Ne4 13. Ne5 f5 14. Ne3 Nxe5
15. Bxe4 Nf7 16. Bf3 g6 17. g4 Kh8 18. g5 Nd6 19. Nc2 Bb5 20. Qg3 Be8 21.
Kh1 Kg7 22. h4 Rh8 23. h5 Ne4 24. Bxe4 dxe4 25. h6+ Kf7 26. Ne3 Bc6 27. Kh2
Bd5 28. Rfb1 b5 29. Nc2 Rhb8 30. a4 Rb7 31. Kh3 Rab8 32. axb5 Rxb5 33. Bc1
Rb3 34. Ra2 R8b7 35. Rba1 Bd6 36. e3 Ke8 37. Qf2 Kd7 38. Qf1 Kc8 39. Ra4
Kb8 40. R1a2 Qc6 41. Qe2 Qb5 42. Na1 Qc6 43. Nxb3 cxb3 44. Ra1 Rc7 45. Ra6
Qd7 46. R1a4 Bc6 47. R4a5 Bd5 48. Qb5+ Kc8 49. Qxd7+ Kxd7 50. Rxa7 Bc4 51.
Rxc7+ Bxc7 52. Ra4 Bd3 53. c4 Kc6 54. Bd2 Bc2 55. Ra8 Bd3 56. Rh8 Bxc4 57.
Rxh7 Bd6 58. Rg7 Ba3 59. Bc3 1-0

[Event "9th Amplico Life Rapid"]
[Site "Warsaw POL"]
[Date "2009.12.19"]
[Round "8"]
[White "Chalupnik,M"]
[Black "Likavsky,T"]
[Result "0-1"]
[WhiteElo "2284"]
[BlackElo "2476"]
[EventDate "2009.12.19"]

1. e4 c5 2. Nf3 d6 3. d4 cxd4 4. Nxd4 Nf6 5. Nc3 Nc6 6. Bc4 e6 7. Be3 a6 8.
Qe2 Na5 9. Bd3 Qc7 10. O-O b5 11. Rae1 Bb7 12. a3 Be7 13. Kh1 O-O 14. f4
Rac8 15. Bc1 Nc4 16. Rf3 Qb6 17. Nb3 e5 18. Rg3 exf4 19. Bxf4 Nxb2 20. Bh6
Ne8 21. Nd5 Bxd5 22. exd5 Nxd3 23. Qxd3 Bf6 24. Qf5 Rc3 25. Rxc3 Bxc3 26.
Qd7 Bxe1 0-1

[Event "9th Amplico Life Rapid"]
[Site "Warsaw POL"]
[Date "2009.12.19"]
[Round "8"]
[White "Sakalauskas,V"]
[Black "Janczarski,M"]
[Result "1-0"]
[WhiteElo "2418"]
[BlackElo "2204"]
[EventDate "2009.12.19"]

1. d4 c5 2. d5 e5 3. c4 d6 4. e4 Be7 5. Nf3 Bg4 6. Nbd2 Bg5 7. Qa4+ Bd7 8.
Qb3 Bxd2+ 9. Bxd2 b6 10. Bd3 Nf6 11. O-O O-O 12. Qd1 Bg4 13. h3 Bh5 14. a3
Na6 15. b4 Qd7 16. Rb1 h6 17. Re1 g5 18. Rb3 Kg7 19. Bf1 Bg6 20. Qc2 Qa4
21. Bd3 Qd7 22. Nh2 Nh5 23. Be2 Nf4 24. Bg4 f5 25. exf5 Bxf5 26. Bxf5 Rxf5
27. Be3 Rf7 28. bxc5 Nxc5 29. Bxc5 bxc5 30. Nf1 Nh5 31. Reb1 Raf8 32. f3
Nf4 33. Ng3 h5 34. Ne4 Kh6 35. Qd2 h4 36. Qb2 Kh5 37. Rb7 Qd8 38. Rxf7 Rxf7
39. Qb8 Ne2+ 40. Kf2 Qxb8 41. Rxb8 Nd4 42. Nxd6 Rf6 43. Ne4 Ra6 44. d6 Rxa3
45. d7 Ra2+ 46. Kg1 Ra1+ 47. Kh2 Ra2 48. Rf8 1-0

[Event "9th Amplico Life Rapid"]
[Site "Warsaw POL"]
[Date "2009.12.19"]
[Round "8"]
[White "Dziuba,M"]
[Black "Bartel,Mat"]
[Result "0-1"]
[WhiteElo "2573"]
[BlackElo "2618"]
[EventDate "2009.12.19"]

1. d4 f5 2. g3 Nf6 3. Bg2 g6 4. Nf3 Bg7 5. c4 O-O 6. b4 c6 7. O-O Ne4 8.
Bb2 d5 9. Nbd2 Be6 10. Qc2 a5 11. a3 Nd7 12. e3 h6 13. c5 a4 14. Ne1 Nxd2
15. Qxd2 Bf7 16. Nd3 Qb8 17. Rab1 Rc8 18. Ba1 b5 19. cxb6 Nxb6 20. Ne5 Bxe5
21. dxe5 Nc4 22. Qd4 Be6 23. Qh4 Kf7 24. Qxh6 Rh8 25. Qf4 Nxa3 26. Rbc1 Nc4
27. Bc3 Qg8 28. h4 Qh7 29. e4 dxe4 30. Bxe4 g5 31. Qf3 gxh4 32. g4 Rag8 33.
Kh1 Rxg4 34. Bxc6 h3 35. Rg1 Rhg8 36. Rg3 Rxg3 37. fxg3 Qh6 38. Re1 a3 39.
Kh2 Qg5 40. b5 Qg4 41. Qf2 Rd8 42. Re4 Qg5 43. Rf4 Rd3 44. Ba1 Rd2 45. Bc3
Rd3 0-1

[Event "9th Amplico Life Rapid"]
[Site "Warsaw POL"]
[Date "2009.12.19"]
[Round "8"]
[White "Rajlich,I"]
[Black "Hess,C1"]
[Result "1-0"]
[WhiteElo "2457"]
[BlackElo "2250"]
[EventDate "2009.12.19"]

1. d4 d5 2. c4 c6 3. Nc3 Nf6 4. e3 a6 5. c5 g6 6. f4 Bg7 7. b4 O-O 8. Nf3
a5 9. b5 b6 10. cxb6 Ne4 11. Nxe4 dxe4 12. Nd2 cxb5 13. Bxb5 Qxb6 14. Rb1
Qc7 15. O-O Bb7 16. Ba3 Na6 17. Qe2 Nb4 18. Rfc1 Qd8 19. Bc4 Bd5 20. Bxb4
axb4 21. Rxb4 e6 22. a4 Qh4 23. Bxd5 exd5 24. Nb3 Rfb8 25. Rb5 Bf8 26. Qc2
Rc8 27. Nc5 Bxc5 28. Rxc5 Rxc5 29. dxc5 g5 30. g3 Qg4 31. c6 gxf4 32. c7 f3
33. c8=Q+ 1-0

[Event "9th Amplico Life Rapid"]
[Site "Warsaw POL"]
[Date "2009.12.19"]
[Round "8"]
[White "Kuzmicz,K"]
[Black "Kravtsiv,M"]
[Result "1-0"]
[WhiteElo "2417"]
[BlackElo "2543"]
[EventDate "2009.12.19"]

1. e4 e5 2. Nf3 Nc6 3. Nc3 Nf6 4. Bb5 Bb4 5. O-O O-O 6. Bxc6 dxc6 7. Nxe5
Qe7 8. Nd3 Bxc3 9. dxc3 Qxe4 10. Bf4 Nd5 11. Bg3 f6 12. Re1 Qc4 13. Qf3 Bd7
14. Re4 Qa6 15. Nc5 Qb5 16. Nxd7 Rf7 17. Rae1 Rxd7 18. c4 Qxb2 19. cxd5
cxd5 20. Rg4 c6 21. Bh4 Kh8 22. Qf5 Re7 23. Rf1 Rf8 24. Bg3 g6 25. Qd3 Rfe8
26. h4 Re1 27. Rxe1 Rxe1+ 28. Kh2 Qb1 29. Bd6 Qd1 30. Qxd1 Rxd1 31. a4 b6
32. Bb8 a6 33. Ba7 b5 34. axb5 axb5 35. Bd4 Rd2 36. c3 Kg8 37. Bxf6 Rxf2
38. Bd4 Rd2 39. h5 Kf7 40. Rf4+ Ke7 41. h6 Rd3 42. Rf1 g5 43. Rf5 b4 44.
Rxg5 bxc3 45. Rg7+ Ke6 46. Bxc3 Rxc3 47. Rxh7 Kf6 48. Rc7 Re3 49. Rxc6+ Kf7
50. Rd6 Re5 51. g4 Kg8 52. Kg3 Kh7 53. Kf4 Re4+ 54. Kf5 Re1 55. g5 Rf1+ 56.
Ke5 Rg1 57. Rd7+ Kh8 58. Kf6 Rf1+ 59. Kg6 Rf8 60. Rxd5 Ra8 61. Rd6 Kg8 62.
Rb6 Rc8 63. Rf6 Rb8 64. Ra6 Rc8 65. Ra7 Rc6+ 66. Kh5 Rc5 67. Rg7+ Kh8 68.
Rd7 Kg8 69. Rd8+ Kh7 70. Rd7+ Kg8 71. Ra7 Rb5 72. Re7 Ra5 73. Kg6 Ra8 74.
Kf6 Rf8+ 75. Ke6 Rf1 76. g6 Re1+ 77. Kd7 Rd1+ 78. Ke8 Rd2 79. Rg7+ Kh8 80.
Rf7 Re2+ 81. Kf8 1-0

[Event "9th Amplico Life Rapid"]
[Site "Warsaw POL"]
[Date "2009.12.19"]
[Round "8"]
[White "Kempinski,R"]
[Black "Heberla,B"]
[Result "1/2-1/2"]
[WhiteElo "2617"]
[BlackElo "2515"]
[EventDate "2009.12.19"]

1. d4 g6 2. c4 Bg7 3. Nf3 c5 4. d5 d6 5. e4 e6 6. Bd3 Ne7 7. O-O O-O 8. h3
exd5 9. cxd5 a6 10. a4 f5 11. Nc3 Nd7 12. Bg5 h6 13. Bd2 f4 14. Rb1 1/2-1/2

[Event "9th Amplico Life Rapid"]
[Site "Warsaw POL"]
[Date "2009.12.19"]
[Round "8"]
[White "Maiorov,N1"]
[Black "Aleksandrov,A"]
[Result "0-1"]
[WhiteElo "2511"]
[BlackElo "2617"]
[EventDate "2009.12.19"]

1. d4 d5 2. c4 e6 3. Nf3 Nf6 4. e3 Nbd7 5. Nc3 a6 6. c5 c6 7. b4 b6 8. Bb2
a5 9. a3 Be7 10. Bd3 Ba6 11. Bxa6 Rxa6 12. b5 cxb5 13. c6 b4 14. cxd7+ Qxd7
15. axb4 Bxb4 16. O-O O-O 17. Ne5 Qb7 18. Nb5 Ne4 19. Rc1 a4 20. Rc7 Qa8
21. Nc6 Bd6 22. Ne7+ Bxe7 23. Rxe7 Ra5 24. Nc3 a3 25. Ba1 Qd8 26. Nxe4 Qxe7
27. Nc3 b5 28. Qb3 Rb8 29. h3 b4 30. Na4 h6 31. Rb1 Qd7 32. Nc5 Qb5 33. Rc1
Raa8 34. Rc2 Qe8 35. f3 Qe7 36. Rc1 Qe8 37. Rc2 Qb5 38. Kf2 Rc8 39. Rc1
Rab8 40. Rb1 Qc4 41. e4 a2 42. Rb2 Qxd4+ 43. Qe3 Qxc5 44. Qxc5 Rxc5 45. Ke1
0-1

[Event "9th Amplico Life Rapid"]
[Site "Warsaw POL"]
[Date "2009.12.19"]
[Round "8"]
[White "Smola,M"]
[Black "Pileckis,E"]
[Result "0-1"]
[WhiteElo "2240"]
[BlackElo "2438"]
[EventDate "2009.12.19"]

1. e4 c5 2. Nc3 Nc6 3. f4 g6 4. Nf3 Bg7 5. Bc4 e6 6. O-O Nge7 7. d3 O-O 8.
Qe1 Nd4 9. Nxd4 cxd4 10. Nd1 b6 11. Qh4 d5 12. Bb3 dxe4 13. dxe4 Ba6 14.
Re1 Nc6 15. Qh3 d3 16. cxd3 Rc8 17. Nf2 Nd4 18. Bd2 Nc2 19. Bxc2 Rxc2 20.
Bc3 Bd4 21. Bxd4 Qxd4 22. Re3 Rxf2 0-1

[Event "9th Amplico Life Rapid"]
[Site "Warsaw POL"]
[Date "2009.12.19"]
[Round "8"]
[White "Malisauskas,V"]
[Black "Shirov,A"]
[Result "0-1"]
[WhiteElo "2483"]
[BlackElo "2719"]
[EventDate "2009.12.19"]

1. e4 c5 2. Nf3 Nc6 3. d4 cxd4 4. Nxd4 Nf6 5. Nc3 e5 6. Ndb5 d6 7. Bg5 a6
8. Na3 b5 9. Bxf6 gxf6 10. Nd5 Bg7 11. c4 f5 12. cxb5 Nd4 13. b6 O-O 14.
exf5 Bb7 15. Bc4 Rc8 16. f6 Bxf6 17. O-O Rxc4 18. Nxf6+ Qxf6 19. Nxc4 Nf3+
20. Kh1 Qf4 21. Qxf3 Bxf3 22. Nxd6 Bxg2+ 23. Kxg2 Qg4+ 24. Kh1 Qf3+ 25. Kg1
Kh8 26. Rfd1 Rg8+ 27. Kf1 Rg2 28. Ne4 Rxh2 0-1

[Event "9th Amplico Life Rapid"]
[Site "Warsaw POL"]
[Date "2009.12.19"]
[Round "8"]
[White "Kurnosov,I"]
[Black "Paehtz,E"]
[Result "1-0"]
[WhiteElo "2666"]
[BlackElo "2480"]
[EventDate "2009.12.19"]

1. e4 e6 2. d4 d5 3. Nc3 Bb4 4. e5 c5 5. a3 Bxc3+ 6. bxc3 Nc6 7. Nf3 Qa5 8.
Bd2 c4 9. h4 Bd7 10. h5 h6 11. g3 O-O-O 12. Bh3 Rf8 13. Nh4 Nge7 14. f4 g6
15. O-O Rhg8 16. Kh2 Nf5 17. hxg6 fxg6 18. Nf3 h5 19. Ng5 Rg7 20. a4 Nd8
21. Qc1 Nf7 22. Qa3 Re8 23. Nf3 N7h6 24. Kg2 Bc6 25. Bc1 Nf7 26. Rh1 Reg8
27. Bd2 N7h6 28. Ng5 Re8 29. Rhd1 Bd7 30. Nf3 Rgg8 31. Rdb1 Bc6 32. Qb4 Qc7
33. a5 Kb8 34. Re1 Rh8 35. Rh1 Rhg8 36. Bc1 Rg7 37. Kf2 Ka8 38. Ba3 Rgg8
39. Qb2 Rh8 40. Ng5 Nf7 41. Nf3 N7h6 42. Bc5 Nf7 43. Bb6 Qd7 44. a6 Kb8 45.
Rhb1 Re7 46. axb7 Bxb7 1-0

[Event "9th Amplico Life Rapid"]
[Site "Warsaw POL"]
[Date "2009.12.19"]
[Round "8"]
[White "Urban,K"]
[Black "Hracek,Z"]
[Result "1/2-1/2"]
[WhiteElo "2478"]
[BlackElo "2624"]
[EventDate "2009.12.19"]

1. d4 g6 2. c4 Bg7 3. Nf3 c5 4. d5 e6 5. e4 d6 6. Bd3 exd5 7. exd5 Bg4 8.
O-O Ne7 9. h3 Bxf3 10. Qxf3 Nd7 11. Nc3 O-O 12. Qd1 Ne5 13. Re1 Re8 14. Bf4
a6 15. a4 Qb6 16. Bxe5 Bxe5 17. Qc2 Kg7 18. a5 Qc7 19. Reb1 Ng8 20. Ne2 Nf6
21. Qd2 Nd7 22. Re1 Re7 23. Rad1 Rae8 24. Kf1 Bf6 25. Nc1 b6 26. axb6 Qxb6
27. b3 Qb4 28. Rxe7 Rxe7 29. Qc2 Nb6 30. Ne2 Rb7 31. Ng3 Nd7 32. Rb1 Rb6
33. f4 Bd4 34. Ne4 Nf6 35. g3 Rb7 36. Nxf6 Bxf6 37. h4 Re7 38. Kg2 Bd4 39.
Rf1 Rb7 40. Rb1 a5 41. Qe2 Bf6 42. Qc2 Re7 43. Rf1 Bd4 44. Rd1 Re3 45. Rf1
f5 46. Rf3 Re7 47. Rf1 h5 48. Rd1 Kf6 49. Rf1 Qa3 50. Rb1 Re3 51. Rd1 Ke7
52. Rd2 Kd8 53. Re2 Qa1 54. Rxe3 Bxe3 55. Bf1 Kc7 56. Qe2 Qc3 57. Qd3 Qc1
58. Kf3 Bd4 59. Qe2 Kb6 60. Kg2 Be3 61. Kf3 a4 62. bxa4 Ka5 63. Bg2 Bd4 64.
Bf1 Kxa4 65. Qd3 Kb4 66. Qe2 Bc3 67. Kg2 Bd4 68. Kh3 1/2-1/2

[Event "9th Amplico Life Rapid"]
[Site "Warsaw POL"]
[Date "2009.12.19"]
[Round "8"]
[White "Azarov,S"]
[Black "Beinoras,M"]
[Result "1-0"]
[WhiteElo "2622"]
[BlackElo "2384"]
[EventDate "2009.12.19"]

1. e4 e5 2. Nf3 Nc6 3. Bb5 a6 4. Ba4 Nf6 5. O-O Be7 6. Re1 b5 7. Bb3 d6 8.
c3 O-O 9. h3 Na5 10. Bc2 c5 11. d4 Qc7 12. d5 Bd7 13. b3 Nb7 14. Nbd2 Nd8
15. a4 Rb8 16. Bd3 Ne8 17. axb5 axb5 18. Nf1 f6 19. Be3 Nf7 20. b4 g6 21.
Ra6 Ng7 22. Re2 c4 23. Bb1 f5 24. exf5 gxf5 25. Rea2 Rb7 26. Bc2 Bf6 27.
Qb1 Kh8 28. Ba7 Ng5 29. Nxg5 Bxg5 30. Ng3 Bd2 31. Ne2 Bg5 32. Qd1 Nh5 33.
Be3 f4 34. Bc1 Bh4 35. Nd4 exd4 1-0

[Event "9th Amplico Life Rapid"]
[Site "Warsaw POL"]
[Date "2009.12.19"]
[Round "8"]
[White "Sergeev,Vl"]
[Black "Mista,A"]
[Result "1-0"]
[WhiteElo "2428"]
[BlackElo "2563"]
[EventDate "2009.12.19"]

1. d4 g6 2. Nf3 Bg7 3. c3 d6 4. Bg5 h6 5. Bh4 f5 6. e3 Nc6 7. Bc4 g5 8. Bg3
e5 9. Qb3 Na5 10. Qa4+ c6 11. Bxg8 Rxg8 12. dxe5 g4 13. Nfd2 b5 14. Qd4 Nb7
15. a4 Be6 16. axb5 c5 17. Qa4 dxe5 18. O-O h5 19. Nc4 Qd5 20. Nb6 axb6 21.
Qxa8+ Kf7 22. Qa7 Kg6 23. c4 Qd7 24. Nc3 Bf6 25. Qxb6 h4 26. Rfd1 Qf7 27.
Ra7 Rb8 28. Nd5 hxg3 29. hxg3 Bxd5 30. Rxd5 Kg5 31. Qc6 e4 32. Rd7 Qxc4 33.
Raxb7 Qc1+ 34. Kh2 Rg8 35. Rh7 Qxb2 36. Qd6 Qxf2 37. Rh5+ Kxh5 38. Qxf6 1-0

[Event "9th Amplico Life Rapid"]
[Site "Warsaw POL"]
[Date "2009.12.19"]
[Round "8"]
[White "Vovk,Y"]
[Black "Matuszewski,M"]
[Result "1-0"]
[WhiteElo "2546"]
[BlackElo "2299"]
[EventDate "2009.12.19"]

1. e4 c5 2. Nf3 d6 3. d4 cxd4 4. Nxd4 Nf6 5. Nc3 a6 6. Be3 Ng4 7. Bg5 h6 8.
Bh4 g5 9. Bg3 Bg7 10. Be2 h5 11. Bxg4 Bxg4 12. f3 Bd7 13. Bf2 Nc6 14. O-O
Rc8 15. Qd2 Qa5 16. Kh1 h4 17. Nb3 Qe5 18. Be3 h3 19. g4 Bf6 20. Nd5 Bxg4
21. Nxf6+ exf6 22. Bd4 Nxd4 23. Nxd4 Be6 24. Rae1 Rd8 25. Nf5 Rg8 26. Qb4
Rd7 27. Nd4 g4 28. f4 Qc5 29. Qd2 Rd8 30. Re3 Qb6 31. b3 Rc8 32. c4 Rd8 33.
Rfe1 Qc5 34. Qc3 Kd7 35. f5 Qe5 36. fxe6+ fxe6 37. Ne2 Qg5 38. Rd3 Kc7 39.
Rf1 Rgf8 40. Nf4 Rfe8 41. Qd2 Qe5 42. Qe3 f5 43. exf5 exf5 44. Qxe5 Rxe5
45. Nd5+ Kc6 46. Ne3 Rf8 47. Rfd1 Re6 48. Nc2 Kc7 49. Nd4 Re5 50. Kg1 f4
51. Kf2 Rg8 52. Ne2 g3+ 53. Kf3 gxh2 54. Rh1 Rg2 55. Nxf4 Rxa2 56. Kg3 Rg5+
57. Kxh3 Rg8 58. Nd5+ Kb8 59. Nf6 Rh8+ 60. Kg3 Rh6 61. Ng4 Rg6 62. Kh3 Re2
63. Rxh2 Re8 64. Kg3 Re4 65. Rh4 b5 66. cxb5 axb5 67. Kf3 Re7 68. Rd4 Kb7
69. Rh5 Ka6 70. Rhd5 Rf7+ 71. Ke2 Re7+ 72. Kd2 Ka5 73. Rxd6 Rxd6 74. Rxd6
Kb4 75. Rd3 Ra7 76. Ne3 Ra2+ 77. Nc2+ Ka5 78. Kc3 Kb6 79. Rd6+ Kc7 80. Rd5
Kb6 81. Nd4 Rh2 82. Rxb5+ Kc7 83. Kc4 Rh4 84. Rg5 Kb7 85. Kc5 1-0

[Event "9th Amplico Life Rapid"]
[Site "Warsaw POL"]
[Date "2009.12.19"]
[Round "8"]
[White "Sadzikowski,D"]
[Black "Warakomski,T"]
[Result "1-0"]
[WhiteElo "2287"]
[BlackElo "2485"]
[EventDate "2009.12.19"]

1. e4 g6 2. d4 Bg7 3. Nf3 d6 4. Nc3 c6 5. a4 a5 6. Be2 Na6 7. Be3 Nf6 8. h3
Nb4 9. O-O O-O 10. Qd2 Qc7 11. Rac1 Rd8 12. Bh6 e5 13. Bxg7 Kxg7 14. Rfe1
b6 15. Bf1 Bb7 16. b3 Re8 17. Rcd1 Rad8 18. Qc1 Qb8 19. Qb2 Nd7 20. Na2 Na6
21. c3 Nc7 22. b4 axb4 23. cxb4 f6 24. Rc1 Ne6 25. a5 Qa7 26. a6 Ba8 27. b5
cxb5 28. Bxb5 Nc7 29. Nc3 Re7 30. Ra1 Nb8 31. Qa3 Nc6 32. Bxc6 Bxc6 33.
dxe5 fxe5 34. Red1 Ne8 35. Qb4 Rc7 36. Nxe5 Ba8 37. Nb5 Qb8 38. a7 Qc8 39.
Nxc7 Qxc7 40. Qd4 Kf8 41. Nc4 b5 42. Ne3 Kg8 43. Nd5 1-0

[Event "9th Amplico Life Rapid"]
[Site "Warsaw POL"]
[Date "2009.12.19"]
[Round "8"]
[White "Paterek,M"]
[Black "Piorun,K"]
[Result "0-1"]
[WhiteElo "2272"]
[BlackElo "2475"]
[EventDate "2009.12.19"]

1. Nf3 Nf6 2. g3 g6 3. Bg2 Bg7 4. O-O O-O 5. d4 Nc6 6. d5 Na5 7. e4 d6 8.
Re1 c6 9. Na3 c5 10. c3 Nd7 11. Rb1 Nb6 12. Qe2 Bd7 13. Bd2 e6 14. c4 Na4
15. e5 exd5 16. b3 Bf5 17. bxa4 Bxb1 18. Rxb1 d4 19. exd6 Nc6 20. Rxb7 Qxd6
21. Nb5 Qd8 22. Ng5 d3 23. Qe3 Qf6 24. Bd5 Ne5 25. Ne4 Qf3 26. Nxc5 Qd1+
27. Kg2 Rae8 28. Nd6 Nxc4 29. Bxf7+ Kh8 30. Qxd3 Nxd6 31. Qxd6 Rd8 32. Rd7
Rxd7 33. Qxd7 Qe2 34. Be3 Qc2 35. Bd5 Qf5 36. Ne6 Rg8 37. Qb7 Bc3 38. Ng5
0-1

[Event "9th Amplico Life Rapid"]
[Site "Warsaw POL"]
[Date "2009.12.19"]
[Round "8"]
[White "Kukula,P"]
[Black "Socko,M"]
[Result "0-1"]
[WhiteElo "2261"]
[BlackElo "2457"]
[EventDate "2009.12.19"]

1. d4 Nf6 2. Nf3 e6 3. Nbd2 c5 4. e3 b6 5. Bd3 Bb7 6. O-O Be7 7. b3 O-O 8.
Bb2 Nc6 9. a3 d5 10. c4 Rc8 11. Rc1 cxd4 12. exd4 Rc7 13. Re1 dxc4 14. bxc4
Rd7 15. Qc2 Bd6 16. Ne4 Nxe4 17. Bxe4 f5 18. Bd3 Ne7 19. Qe2 Ng6 20. c5 Nf4
21. Qe3 bxc5 22. Bb5 cxd4 23. Bxd4 Re7 24. Ra1 Bd5 25. Be5 Bxe5 26. Qxe5
Qb8 27. Qe3 Nxg2 28. Kxg2 Qb7 0-1

[Event "9th Amplico Life Rapid"]
[Site "Warsaw POL"]
[Date "2009.12.19"]
[Round "8"]
[White "Szelag,M"]
[Black "Ruckschloss,K"]
[Result "1-0"]
[WhiteElo "2456"]
[BlackElo "2249"]
[EventDate "2009.12.19"]

1. e4 e6 2. d4 d5 3. Nc3 Nf6 4. e5 Nfd7 5. f4 c5 6. Nf3 Nc6 7. Be3 a6 8.
Qd2 b5 9. dxc5 Nxc5 10. Qf2 b4 11. Bxc5 bxc3 12. b3 Qa5 13. Bxf8 Rxf8 14.
Bd3 f6 15. Bxh7 fxe5 16. Bg6+ Kd8 17. fxe5 Kc7 18. O-O Qb4 19. Rae1 a5 20.
Bd3 a4 21. Qg3 Rf7 22. Kh1 Bd7 23. Ng5 Rxf1+ 24. Rxf1 Rf8 25. Rxf8 Qxf8 26.
h3 Qa3 27. bxa4 Nb4 28. Qe3 Nxd3 29. Qxd3 Qc1+ 30. Kh2 Qxg5 31. Qxc3+ Kd8
32. Qd4 Qf5 33. a5 Qxc2 34. a6 Qc4 35. Qb6+ Qc7 36. Qd4 Kc8 37. Kg3 Qc4 38.
Qb6 1-0

[Event "9th Amplico Life Rapid"]
[Site "Warsaw POL"]
[Date "2009.12.19"]
[Round "8"]
[White "Zgadzaj,R"]
[Black "Akesson,R"]
[Result "0-1"]
[WhiteElo "2243"]
[BlackElo "2454"]
[EventDate "2009.12.19"]

1. Nf3 Nf6 2. g3 b6 3. Bg2 Bb7 4. c4 c5 5. O-O e6 6. d4 cxd4 7. Nxd4 Qc7 8.
b3 a6 9. Bb2 Bxg2 10. Kxg2 Be7 11. Qd3 Nc6 12. Nc3 b5 13. cxb5 Nxd4 14.
Qxd4 axb5 15. f3 Qb7 16. e4 O-O 17. Rfd1 d6 18. Rd2 Rfc8 19. a4 bxa4 20.
bxa4 Qb3 21. Ra3 Qb8 22. Ra2 Ra6 23. Nb5 Rac6 24. Ba1 Rc4 25. Qd3 d5 26.
Bxf6 dxe4 27. Qxc4 exf3+ 28. Kf2 Rxc4 29. Bxe7 Qb6+ 30. Kxf3 Qb7+ 31. Kf2
Qxe7 32. Rac2 Qc5+ 33. Kf3 Qc6+ 34. Kf2 Rxc2 0-1

[Event "9th Amplico Life Rapid"]
[Site "Warsaw POL"]
[Date "2009.12.20"]
[Round "9"]
[White "Bartel,Mat"]
[Black "Rozentalis,E"]
[Result "1-0"]
[WhiteElo "2618"]
[BlackElo "2611"]
[EventDate "2009.12.19"]

1. g3 d5 2. f4 Nc6 3. Bg2 e5 4. fxe5 Nxe5 5. d4 Ng4 6. Nc3 c6 7. Nf3 Bd6 8.
e4 dxe4 9. Nxe4 Be7 10. O-O N8f6 11. Nc3 Nd5 12. Qd3 O-O 13. a3 h6 14. Ne2
Ngf6 15. c4 Nc7 16. Nc3 Bg4 17. Be3 Qc8 18. Rae1 Re8 19. Ne5 Bh3 20. Bxh6
Bxg2 21. Kxg2 gxh6 22. Nxf7 Kxf7 23. Qh7+ Kf8 24. Ne4 Qd8 25. Qxh6+ Kg8 26.
Qg6+ 1-0

[Event "9th Amplico Life Rapid"]
[Site "Warsaw POL"]
[Date "2009.12.20"]
[Round "9"]
[White "Shirov,A"]
[Black "Sergeev,Vl"]
[Result "1-0"]
[WhiteElo "2719"]
[BlackElo "2428"]
[EventDate "2009.12.19"]

1. e4 Nf6 2. e5 Nd5 3. d4 d6 4. c4 Nb6 5. exd6 exd6 6. Nc3 Nc6 7. h3 Bf5 8.
Be3 Be7 9. Nf3 O-O 10. d5 Nb4 11. Nd4 Bg6 12. a3 Na6 13. h4 Bxh4 14. Bd3
Qe7 15. Qe2 Bxd3 16. Qxd3 Nc5 17. Qe2 g6 18. O-O-O Bg5 19. Rh3 Bxe3+ 20.
Rxe3 Qd8 21. b4 Nba4 22. bxc5 Nxc3 23. Rxc3 dxc5 24. Nf3 a6 25. Qe3 Qd6 26.
Rh1 f6 27. Qh6 Rf7 28. Re3 Qb6 29. Nh4 f5 30. Nxg6 1-0

[Event "9th Amplico Life Rapid"]
[Site "Warsaw POL"]
[Date "2009.12.20"]
[Round "9"]
[White "Aleksandrov,A"]
[Black "Stupak,K"]
[Result "1-0"]
[WhiteElo "2617"]
[BlackElo "2456"]
[EventDate "2009.12.19"]

1. d4 d6 2. e4 Nf6 3. Nc3 g6 4. h3 Bg7 5. Be3 e5 6. dxe5 dxe5 7. Qxd8+ Kxd8
8. O-O-O+ Nfd7 9. h4 h5 10. Nh3 c6 11. a4 f6 12. f4 Bh6 13. Be2 Ke7 14. g4
exf4 15. Nxf4 Ne5 16. gxh5 gxh5 17. Bc5+ Ke8 18. Bxh5+ Nf7 19. Nce2 Nd7 20.
Bd4 Nde5 21. Kb1 Bg4 22. Bxg4 Nxg4 23. Ne6 Rc8 24. Bxa7 Nfe5 25. Bd4 Kf7
26. Bxe5 Nxe5 27. N6d4 Nc4 28. Nf5 Nd2+ 29. Ka2 Nxe4 30. Rhf1 Rc7 31. Rd4
Nc5 32. b3 Bf8 33. Rdf4 Ne6 34. R4f3 Rd7 35. Nc3 Be7 36. Ne4 Nd4 37. Nxd4
Rxd4 38. Nxf6 Bxf6 39. Rxf6+ Ke8 40. Rf7 b5 41. axb5 cxb5 42. Rb7 Rh5 43.
Rg1 Kf8 44. Rg5 Rd5 45. Rxd5 Rxd5 46. Rh7 b4 47. Rc7 Rb5 48. Kb2 Kg8 49.
Kc1 Kf8 50. Kd2 Ke8 51. Kd3 Kd8 52. Rh7 Rc5 53. Rb7 Rc3+ 54. Kd2 1-0

[Event "9th Amplico Life Rapid"]
[Site "Warsaw POL"]
[Date "2009.12.20"]
[Round "9"]
[White "Kravtsiv,M"]
[Black "Galazewski,T"]
[Result "1-0"]
[WhiteElo "2543"]
[BlackElo "2249"]
[EventDate "2009.12.19"]

1. e4 c5 2. Nf3 d6 3. d4 cxd4 4. Nxd4 Nf6 5. Nc3 Nc6 6. Bc4 Qb6 7. Nb3 e6
8. O-O Be7 9. Be3 Qc7 10. Bd3 O-O 11. f4 a6 12. Qf3 g6 13. Kh1 b5 14. Qh3
Bb7 15. f5 exf5 16. exf5 Ne5 17. Rae1 Rfe8 18. Bg5 Nfg4 19. Bxe7 Rxe7 20.
Rxe5 Nxe5 21. f6 Re6 22. Qh6 Rxf6 23. Rxf6 Ng4 24. Qf4 Nxf6 25. Qxf6 Re8
26. Qf2 b4 27. Ne2 Qc6 28. Nbd4 Qd5 29. b3 h5 30. h3 Qg5 31. Bc4 Re7 32.
Kg1 Kg7 33. Nf3 Qf5 34. Qd4+ Kh7 35. Qxd6 Rd7 36. Qe5 1-0

[Event "9th Amplico Life Rapid"]
[Site "Warsaw POL"]
[Date "2009.12.20"]
[Round "9"]
[White "Pileckis,E"]
[Black "Marchlewicz,K"]
[Result "1-0"]
[WhiteElo "2438"]
[BlackElo "2030"]
[EventDate "2009.12.19"]

1. Nf3 d5 2. d4 Nf6 3. c4 c6 4. Nc3 dxc4 5. a4 Bf5 6. Ne5 Nbd7 7. Nxc4 Qc7
8. Qd2 g6 9. Qf4 Qxf4 10. Bxf4 Bg7 11. O-O-O Nd5 12. Bg3 Nxc3 13. bxc3 c5
14. e3 O-O 15. Kb2 Rac8 16. d5 Nb6 17. Nxb6 axb6 18. Bb5 Rfd8 19. f3 Bd7
20. e4 e6 21. Bxd7 Rxd7 22. dxe6 Rxd1 23. exf7+ Kxf7 24. Rxd1 Ke7 25. Bh4+
Ke6 26. Rd8 Rc7 27. Bg3 Rc6 28. Rb8 h5 29. Kb3 Bf6 30. Rxb7 Be5 31. f4 c4+
32. Kb4 Bd6+ 33. Kb5 1-0